[Event "Aeroflot Open"]
[Site "Moscow RUS"]
[Date "2009.02.25"]
[Round "9"]
[White "Tomashevsky,E"]
[Black "Khairullin,I"]
[Result "1-0"]
[WhiteElo "2664"]
[BlackElo "2574"]
[EventDate "2009.02.17"]

1. c4 Nf6 2. Nc3 g6 3. e4 d6 4. d4 Bg7 5. f3 O-O 6. Be3 c5 7. Nge2 Nc6 8.
d5 Ne5 9. Ng3 e6 10. Be2 exd5 11. cxd5 a6 12. a4 h5 13. O-O Nh7 14. Qd2 h4
15. Nh1 f5 16. Nf2 Bd7 17. exf5 gxf5 18. Nh3 Ng6 19. Nf4 Nxf4 20. Bxf4 Qf6
21. Kh1 Rae8 22. a5 Rf7 23. Bc4 Rfe7 24. Rac1 Kh8 25. b3 Qg6 26. Rce1 Rxe1
27. Rxe1 Rxe1+ 28. Qxe1 h3 29. gxh3 Qh5 30. Kg2 Qg6+ 31. Kh1 Qh5 32. Be2
Qe8 33. Qd2 Bd4 34. Bf1 Be5 35. Bxe5+ Qxe5 36. Bc4 Qf6 37. Qe1 Ng5 38. Qh4+
Kg7 39. Ne2 f4 40. Nxf4 Qa1+ 41. Kg2 Qg1+ 42. Kxg1 Nxf3+ 43. Kf2 Nxh4 44.
Be2 Kf6 45. Bg4 Bb5 46. Bc8 Ke5 47. Ke3 Nf5+ 48. Bxf5 Kxf5 49. h4 Bd7 50.
h5 Kf6 51. Ne6 Be8 52. h6 Bg6 53. Kd2 Bf5 54. Kc3 Kg6 55. Nd8 Be4 56. Nxb7
Bxd5 57. Nxd6 Kxh6 58. Ne8 1-0

[Event "Aeroflot Open"]
[Site "Moscow RUS"]
[Date "2009.02.25"]
[Round "9"]
[White "Aleksandrov,A"]
[Black "Kosintseva,T"]
[Result "1/2-1/2"]
[WhiteElo "2636"]
[BlackElo "2497"]
[EventDate "2009.02.17"]

1. d4 Nf6 2. c4 e6 3. Nc3 Bb4 4. e3 O-O 5. Nge2 d5 6. cxd5 exd5 7. g3 Re8
8. Bg2 c6 9. O-O Bf8 10. Kh1 Na6 11. a3 Nc7 12. Qc2 a5 13. Bd2 b5 14. f3
Ba6 15. Rfe1 Ne6 16. Nf4 Nxf4 17. gxf4 c5 18. dxc5 Bxc5 19. Nxb5 Qb6 20.
Nd4 Bxd4 21. exd4 Qxd4 22. Bxa5 Qxf4 23. Qd2 Qh4 24. Bb6 Nh5 25. Bf2 Qf6
26. Qxd5 Qxb2 27. Qd4 Rxe1+ 28. Rxe1 Qxd4 29. Bxd4 Nf4 30. Be3 Nxg2 31.
Kxg2 Bb5 32. Rb1 1/2-1/2

[Event "Aeroflot Open"]
[Site "Moscow RUS"]
[Date "2009.02.25"]
[Round "9"]
[White "Vitiugov,N"]
[Black "Grigoriants,S RUS"]
[Result "1-0"]
[WhiteElo "2687"]
[BlackElo "2565"]
[EventDate "2009.02.17"]

1. d4 d5 2. c4 c6 3. Nc3 Nf6 4. cxd5 cxd5 5. Bf4 Nc6 6. e3 a6 7. Rc1 Bg4 8.
f3 Bd7 9. g4 e6 10. h4 Be7 11. Bd3 Qb6 12. Qd2 Na7 13. Nge2 Rc8 14. Ng3 Bd6
15. Bxd6 Qxd6 16. Kf2 O-O 17. Bb1 Ne8 18. Nce2 Rxc1 19. Rxc1 Qe7 20. Qc2 g6
21. g5 Nd6 22. Nh5 Rc8 23. Nf6+ Kg7 24. Qd1 Ne8 25. Ng4 f6 26. Rxc8 Bxc8
27. Qg1 Nc6 28. f4 Kf8 29. a3 Bd7 30. Qg3 f5 31. Ne5 Nxe5 32. fxe5 Ng7 33.
Qg1 Bb5 34. Nf4 Qc7 35. Qe1 Qc4 36. Qd1 Ke7 37. Bd3 Qc6 38. Bc2 a5 39. Qd2
b6 40. Bd1 Qc4 41. Be2 Qc6 42. Bf3 Qc4 43. Qd1 Ba4 44. Qd3 Qxd3 45. Nxd3
Be8 46. Kg3 Nh5+ 47. Bxh5 gxh5 48. Nf4 Bg6 49. Kf3 Kd7 50. Ke2 Bf7 51. Kd3
Kc7 52. Kc3 Kc6 53. a4 Kc7 54. b4 Kc6 55. Kb3 Kc7 56. Ka3 Kc6 57. Nd3 Be8
58. Nc1 Kb7 59. Nb3 axb4+ 60. Kxb4 Ka6 61. a5 bxa5+ 62. Nxa5 1-0

[Event "Aeroflot Open"]
[Site "Moscow RUS"]
[Date "2009.02.25"]
[Round "9"]
[White "Zvjaginsev,V"]
[Black "Safarli,E"]
[Result "1-0"]
[WhiteElo "2636"]
[BlackElo "2564"]
[EventDate "2009.02.17"]

1. e4 c5 2. Nf3 d6 3. Nc3 Nf6 4. d4 cxd4 5. Qxd4 a6 6. Nd5 Nc6 7. Nxf6+
gxf6 8. Qe3 f5 9. Bc4 fxe4 10. Qxe4 e6 11. Bb3 d5 12. Qe2 Bg7 13. O-O Na5
14. Rd1 O-O 15. c4 Nxb3 16. axb3 Qf6 17. h3 Bd7 18. Nh2 Qe5 19. Qxe5 Bxe5
20. cxd5 Bg7 21. d6 Bc6 22. Be3 Rfd8 23. Bb6 Rd7 24. Ng4 Bd5 25. Bc7 Bxb3
26. Rd2 f5 27. Ne3 f4 28. Rd3 fxe3 29. Rxb3 Be5 30. fxe3 Bxd6 31. Bxd6 Rxd6
32. Rxb7 Rad8 33. Ra5 Kh8 34. Rc5 Rd1+ 35. Kh2 R1d7 36. Rxd7 Rxd7 37. Rc6
a5 38. Rxe6 Rd3 39. Re5 Kg7 40. Rxa5 Rxe3 41. b4 Rb3 42. Rg5+ Kf6 43. Rg4
Kf5 44. Rh4 Kg6 45. Rc4 Kg5 46. Rc5+ Kg6 47. b5 h6 48. h4 Rb2 49. h5+ Kf6
50. Kg3 Kg7 51. Kf3 Kf6 52. g4 Rb4 53. Kg3 Rb3+ 54. Kh4 Kg7 55. Rc7+ Kg8
56. Rc6 Kh7 57. b6 1-0

[Event "Aeroflot Open"]
[Site "Moscow RUS"]
[Date "2009.02.25"]
[Round "9"]
[White "Kazhgaleyev,M"]
[Black "Ajrapetjan,Y"]
[Result "1/2-1/2"]
[WhiteElo "2630"]
[BlackElo "2490"]
[EventDate "2009.02.17"]

1. d4 Nf6 2. c4 e6 3. Nc3 Bb4 4. Qc2 d5 5. a3 Bxc3+ 6. Qxc3 Ne4 7. Qc2 c5
8. dxc5 Nc6 9. cxd5 exd5 10. e3 Bf5 11. Bd3 Qg5 12. f3 Qh4+ 13. Kf1 Ng3+
14. hxg3 Bxd3+ 15. Qxd3 Qxh1 16. b4 O-O 17. Bb2 Rfe8 18. Kf2 Qh6 19. Ne2
Ne5 20. Bxe5 Rxe5 21. Nc3 Rae8 22. Re1 Rd8 23. f4 Ree8 24. Rd1 Qe6 25. Nb5
Re7 26. Nd4 Qe4 27. Nf5 Red7 28. Nd6 Qxd3 29. Rxd3 b6 30. Rxd5 bxc5 31.
bxc5 Kf8 32. e4 Rb8 33. Ke3 Rc7 34. Kd4 f6 35. Rh5 Rb1 36. Rxh7 Rd1+ 37.
Ke3 Rxc5 38. Rh8+ Ke7 39. Nf5+ Kf7 40. Rh7 Kf8 41. Kf3 Rd7 42. Kg4 Kg8 43.
Rh1 Rc3 44. Nh4 Rdd3 45. Ng6 Rxg3+ 46. Kf5 Kf7 47. Nh8+ Ke8 48. Ng6 Kf7 49.
Nh8+ Ke7 50. Ng6+ Kf7 51. Nh8+ Ke7 52. Ng6+ Kf7 1/2-1/2

[Event "Aeroflot Open"]
[Site "Moscow RUS"]
[Date "2009.02.25"]
[Round "9"]
[White "So,W"]
[Black "Andriasian,Z"]
[Result "1/2-1/2"]
[WhiteElo "2627"]
[BlackElo "2564"]
[EventDate "2009.02.17"]

1. e4 c5 2. Nf3 Nc6 3. Bb5 g6 4. Bxc6 bxc6 5. O-O Bg7 6. Re1 Nf6 7. e5 Nd5
8. c4 Nc7 9. d4 cxd4 10. Qxd4 O-O 11. Qh4 f6 12. Nc3 g5 13. Qh5 d6 14. exf6
exf6 15. Be3 Qe8 16. Qxe8 Rxe8 17. Rad1 Bf8 18. Nd4 Bd7 19. f3 Kf7 20. Kf2
h6 21. h4 Rab8 22. b3 a5 23. Nde2 Be6 24. hxg5 hxg5 25. f4 d5 26. fxg5 dxc4
27. Bf4 Rb7 28. Ne4 cxb3 29. Nxf6 Rc8 30. axb3 Nd5 31. Nxd5 Bxd5 32. Nd4
Bc5 33. Be3 Bxd4 34. Rxd4 Rb4 35. Rxb4 axb4 36. Bc5 1/2-1/2

[Event "Aeroflot Open"]
[Site "Moscow RUS"]
[Date "2009.02.25"]
[Round "9"]
[White "Landa,K"]
[Black "Kotsur,P"]
[Result "1/2-1/2"]
[WhiteElo "2626"]
[BlackElo "2563"]
[EventDate "2009.02.17"]

1. d4 Nf6 2. c4 e6 3. Nc3 Bb4 4. Nf3 b6 5. Bg5 Bb7 6. Nd2 h6 7. Bh4 Be7 8.
e4 Nxe4 9. Bxe7 Nxc3 10. Bxd8 Nxd1 11. Bxc7 Nxb2 12. a4 d5 13. cxd5 exd5
14. Ra2 Nc4 15. Nxc4 dxc4 16. Bxc4 O-O 17. d5 Rc8 18. d6 Bxg2 19. Rg1 Re8+
20. Kd2 Bc6 21. Ra3 Nd7 22. Rc1 Re5 23. Bd3 Rc5 24. Rxc5 Nxc5 25. Bb5 Bd7
26. Bxd7 Nxd7 27. Kd3 Re8 28. f4 f5 29. Kc4 Kf7 30. Kb5 Re4 31. Kc6 Ke6 32.
Rg3 g5 33. fxg5 f4 34. Rg1 hxg5 35. Rxg5 Ne5+ 36. Kb7 f3 37. Rg1 Nf7
1/2-1/2

[Event "Aeroflot Open"]
[Site "Moscow RUS"]
[Date "2009.02.25"]
[Round "9"]
[White "Zhigalko,A"]
[Black "Huzman,A"]
[Result "1/2-1/2"]
[WhiteElo "2572"]
[BlackElo "2602"]
[EventDate "2009.02.17"]

1. e4 e5 2. Nf3 Nf6 3. d3 Nc6 4. c3 g6 5. g3 Bg7 6. Bg2 O-O 7. O-O d5 8.
Nbd2 Re8 9. Re1 a5 10. b3 h6 11. a3 Be6 12. Bb2 dxe4 13. dxe4 Nd7 14. Qc2
Qb8 15. Bf1 Ne7 16. Bc4 Nf8 17. a4 Nc8 18. Bxe6 Rxe6 19. Nc4 Nd6 20. Nxd6
Rxd6 21. Rad1 Rxd1 22. Rxd1 Qe8 23. c4 Nd7 24. Qd2 Nc5 25. Qe3 b6 26. Rd5
f6 27. Ba3 Ne6 28. Qc1 Bf8 29. Bxf8 Qxf8 30. Nh4 Qg7 31. Qd1 Nd4 32. Qg4 h5
33. Qh3 Rf8 34. Rd7 Rf7 35. Rd8+ Rf8 36. Rxf8+ Qxf8 37. Nxg6 Qb4 38. Kg2
Qe1 39. Qxh5 Qxe4+ 40. Kh3 Qf5+ 41. Qxf5 Nxf5 42. Kg4 Nd4 43. Ne7+ Kf7 44.
Nd5 Nxb3 45. Nxc7 Nc5 46. Nd5 Nxa4 47. Kf3 Nb2 48. Nxb6 a4 49. c5 a3 50. c6
a2 51. c7 a1=Q 52. c8=Q Qh1+ 53. Kg4 Qe4+ 54. Kh3 Qh7+ 55. Kg2 Qe4+ 56. f3
Qe2+ 57. Kh3 Qxf3 58. Qd7+ Kg6 59. Qe8+ Kg7 60. Qe7+ 1/2-1/2

[Event "Aeroflot Open"]
[Site "Moscow RUS"]
[Date "2009.02.25"]
[Round "9"]
[White "Mamedov,Rau"]
[Black "Minasian,Art"]
[Result "1-0"]
[WhiteElo "2638"]
[BlackElo "2557"]
[EventDate "2009.02.17"]

1. e4 g6 2. d4 Bg7 3. Nc3 c6 4. Be3 d5 5. Qd2 dxe4 6. Nxe4 Nd7 7. O-O-O
Ngf6 8. Ng3 Nd5 9. Bh6 Bxh6 10. Qxh6 Qa5 11. Bc4 N7f6 12. Nf3 Bg4 13. Rhe1
O-O-O 14. Bb3 e6 15. c4 Bxf3 16. gxf3 Ne7 17. Qh4 g5 18. Qh6 Ng6 19. Qg7
Ne8 20. Qxf7 Nc7 21. Ne4 Nf4 22. Kb1 h6 23. Qf6 Kb8 24. Nc5 b6 25. Nd7+ Kb7
26. Ne5 Qb4 27. Bc2 Rhf8 28. Qxh6 Rh8 29. Qxg5 Rxd4 30. Rxd4 Qxe1+ 31. Rd1
Rh5 32. Qxh5 Qxd1+ 33. Bxd1 Nxh5 34. f4 Nxf4 35. h4 Ne8 36. h5 Nf6 37. h6
Kc7 38. Bc2 Kd6 39. Ng4 1-0

[Event "Aeroflot Open"]
[Site "Moscow RUS"]
[Date "2009.02.25"]
[Round "9"]
[White "Ponkratov,P"]
[Black "Nepomniachtchi,I"]
[Result "0-1"]
[WhiteElo "2558"]
[BlackElo "2628"]
[EventDate "2009.02.17"]

1. e4 c5 2. Nf3 d6 3. d4 cxd4 4. Nxd4 Nf6 5. f3 e5 6. Nb3 Nc6 7. c4 a5 8.
a4 Be7 9. Be3 O-O 10. Nc3 Nd7 11. Bd3 Bg5 12. Bf2 b6 13. O-O Nc5 14. Bc2
Nb4 15. Qe2 Be6 16. Nd5 Bxd5 17. cxd5 Nxc2 18. Qxc2 Qd7 19. Nxc5 bxc5 20.
Qe2 Qb7 21. Be1 Qa6 22. Qxa6 Be3+ 23. Kh1 Rxa6 24. Ra3 Bd4 25. Rb3 Raa8 26.
Rb6 Rfb8 27. Rxd6 Rxb2 28. Bxa5 Kf8 29. Bb6 c4 30. a5 Rc8 31. Rc1 Ke7 32.
Rc6 Rxc6 33. dxc6 Bxb6 34. axb6 Rxb6 35. Kg1 Rxc6 36. Kf2 Kd6 37. Ke3 Kc5
38. Ra1 Rc7 39. Kd2 Kd4 40. Ra5 c3+ 41. Kc2 f6 42. Rd5+ Ke3 43. Rd3+ Kf2
44. g4 g5 45. h3 Rc6 0-1

[Event "Aeroflot Open"]
[Site "Moscow RUS"]
[Date "2009.02.25"]
[Round "9"]
[White "Petrosian,TL"]
[Black "Chadaev,N"]
[Result "1/2-1/2"]
[WhiteElo "2623"]
[BlackElo "2568"]
[EventDate "2009.02.17"]

1. e4 e5 2. Nf3 Nc6 3. Bc4 Bc5 4. O-O Nf6 5. d4 Bxd4 6. Nxd4 Nxd4 7. f4 d6
8. fxe5 dxe5 9. Bg5 Be6 10. Na3 Qe7 11. c3 Bxc4 12. Bxf6 gxf6 13. Nxc4 Qc5
14. cxd4 Qxc4 15. dxe5 Rd8 16. Qg4 Qd4+ 17. Rf2 Qxe5 18. Raf1 Qg5 19. Qh3
Qc5 20. Qg4 Qg5 21. Qe2 Rg8 22. e5 Qxe5 23. Qf3 Kf8 24. Qxb7 Rg6 25. Qxa7
Kg7 26. Qa3 Rd5 27. Qf3 Qd6 28. Qf4 Qd7 29. Rc2 c5 30. Qe3 Qd6 31. Rcf2 Rd4
32. b3 c4 33. Qc3 cxb3 34. axb3 Rd3 35. Qc2 Rd4 36. Qc3 1/2-1/2

[Event "Aeroflot Open"]
[Site "Moscow RUS"]
[Date "2009.02.25"]
[Round "9"]
[White "Lysyj,I"]
[Black "Vazquez Igarza,R"]
[Result "1/2-1/2"]
[WhiteElo "2620"]
[BlackElo "2558"]
[EventDate "2009.02.17"]

1. d4 d5 2. c4 c6 3. Nf3 Nf6 4. e3 Bg4 5. h3 Bxf3 6. Qxf3 e6 7. Bd3 Bb4+ 8.
Nd2 O-O 9. O-O Nbd7 10. Qd1 Bd6 11. c5 Bc7 12. f4 b6 13. b4 a5 14. cxb6
Bxb6 15. bxa5 Bxa5 16. Qc2 Qe7 17. Nb3 Bb4 18. Bb2 Rfc8 19. Rfc1 Ba3 20.
Qd2 h6 21. Bxa3 Rxa3 22. Rc3 Rca8 23. Qb2 Qb4 24. Rxc6 Nb6 25. Qc3 Qxc3 26.
Rxc3 Ne4 27. Rcc1 Nd2 28. Nxd2 Rxd3 29. Nf1 Nc4 30. Kf2 Raa3 31. Re1 g5 32.
fxg5 hxg5 33. Re2 Kg7 34. g4 Nd6 35. Ng3 Nc4 36. Nf1 Nd6 1/2-1/2

[Event "Aeroflot Open"]
[Site "Moscow RUS"]
[Date "2009.02.25"]
[Round "9"]
[White "Melkumyan,H"]
[Black "Smirnov,P"]
[Result "1-0"]
[WhiteElo "2519"]
[BlackElo "2579"]
[EventDate "2009.02.17"]

1. d4 d5 2. c4 c6 3. Nc3 Nf6 4. Nf3 e6 5. e3 Nbd7 6. Bd3 dxc4 7. Bxc4 b5 8.
Bd3 Bb7 9. a3 Bd6 10. O-O O-O 11. Qc2 a6 12. Bd2 c5 13. Ne4 Bxe4 14. Bxe4
Rc8 15. Qb1 cxd4 16. Nxd4 Nxe4 17. Qxe4 Nc5 18. Qf3 Qh4 19. h3 Nd3 20. Bc3
Ne5 21. Qb7 Ra8 22. f4 Rfb8 23. Qe4 Nc4 24. b3 Nxa3 25. Nc6 Rc8 26. Qd4 Bf8
27. Qe4 Qh5 28. f5 exf5 29. Rxf5 Qg6 30. Ne5 Qe6 31. Bb2 Nc2 32. Raf1 f6
33. Rh5 h6 34. Rxh6 gxh6 35. Qg6+ Bg7 36. Ng4 Rf8 37. Bxf6 Qd7 38. Rf4 h5
39. Nh6+ Kh8 40. Qxh5 Bxf6 41. Nf7+ Kg7 42. Ne5 Qe6 43. Rg4+ Qxg4 44. Qxg4+
Kh7 45. Qg6+ Kh8 46. Nf7+ Rxf7 47. Qxf7 Bc3 48. Qh5+ Kg7 49. Qg5+ Kh7 50.
Qf5+ Kg7 51. Qxc2 b4 52. Qf5 Rf8 53. Qg5+ Kf7 54. Qd5+ Kg6 55. g4 1-0

[Event "Aeroflot Open"]
[Site "Moscow RUS"]
[Date "2009.02.25"]
[Round "9"]
[White "Zherebukh,Y"]
[Black "Salem,AR"]
[Result "1-0"]
[WhiteElo "2558"]
[BlackElo "2473"]
[EventDate "2009.02.17"]

1. d4 Nf6 2. c4 g6 3. Nc3 Bg7 4. e4 d6 5. Nf3 O-O 6. Be2 e5 7. O-O Nc6 8.
d5 Ne7 9. Nd2 Ne8 10. b4 f5 11. c5 Nf6 12. f3 f4 13. Nc4 g5 14. Ba3 h5 15.
b5 Ne8 16. Bb4 Ng6 17. a4 Rf7 18. a5 Bf8 19. c6 b6 20. axb6 cxb6 21. Kf2 g4
22. Ke1 Rg7 23. Kd2 Nh4 24. Rg1 Rg6 25. Kc2 Nf6 26. Na4 Rb8 27. Nab2 Qc7
28. Nd3 Ne8 29. Qc1 Qg7 30. Bc3 Nf6 31. Kb3 Kh8 32. Qe1 g3 33. hxg3 Rxg3
34. Ndxe5 dxe5 35. Bxe5 Ng6 36. Bxb8 Nxe4 37. Rxa7 Nc5+ 38. Ka2 Qd4 39. Qa1
Bg7 40. Qxd4 Bxd4 41. Rd1 1-0